Azimut : matemáticas, 3º E.G.B.

Gespeichert in:
Bibliographische Detailangaben
Körperschaft: Equipo Signo.
Format: Buch
Sprache:Spanisch
Erschienen: Madrid : Anaya, 1992
Katalog:MANES:  Suchergebnis im Bibliothekskatalog
Schulbuchspezifische Eigenschaften:
Schlagworte:
Tags: Tag hinzufügen
Keine Tags, Fügen Sie den ersten Tag hinzu!
Hinzugefügt zu:29.11.1999
Geändert in:07.05.2025

MARC

LEADER 00000cam a2200000#i 4500
005 20250507134516.0
008 000000s1992 espa fp 000 0 spa d
020 |a 8420724564 
040 |a uned  |b spa  |c entro-manes 
245 0 0 |a Azimut :   |b matemáticas, 3º E.G.B. /   |c Equipo Signo, [Tomás García - Calvo Guerra, José Luis González García - Ribas] 
260 |a Madrid :   |b Anaya,   |c 1992 
300 |a 167 p. :   |b il. col. 
546 |a España 
561 |5 es-BUNED  |3 L.T.M. 0300  |a España. Fondo Manes UNED  |k MANES 
690 0 |a MATE 
650 7 |a Libros de texto  |9 37096 
691 0 |a PRI 
710 2 |a Equipo Signo.  |9 36230 
942 |2 ddc  |c BK 
999 |c 96096  |d 96096 
999 |c manes:96096  |d 96096